| 000 | 00698nam a22002417a 4500 | ||
|---|---|---|---|
| 999 |
_c19736 _d19736 |
||
| 003 | AR-CdUCM | ||
| 008 | 190220b ||||| |||| 00| 0 spa d | ||
| 020 | _a84-8280-900-8 | ||
| 040 |
_aMUNICIPALIDAD PROVINCIAL DEL CUSCO _cBIBLIOTECA MUNICIPAL DEL CUSCO |
||
| 041 | _heng | ||
| 082 |
_a818.5 / _bH16 |
||
| 100 |
_aHailey, Arthur _9182 |
||
| 245 | _aAeropuerto / | ||
| 260 |
_aBuenos Aires : _bOveja negra, _c1984. |
||
| 300 |
_a389 paginas ; _c20 cm. |
||
| 505 | _aContenido: Novela. | ||
| 650 |
_aNovela _95 |
||
| 650 |
_aFicción _9184 |
||
| 650 |
_aLiteratura sudamericana _96319 |
||
| 700 |
_aLandes, Daniel (traducción) _921495 |
||
| 942 |
_2ddc _cLIBROS |
||
| 945 |
_adavv _d2019-05-21 |
||